| 000 | 00531nam a22001457a 4500 | ||
|---|---|---|---|
| 008 | 211130b |||||||| |||| 00| 0 eng d | ||
| 020 | _a0873533054 | ||
| 050 |
_aQA11 _b.D57 1991 |
||
| 245 |
_aDiscrete Mathematics Across the Curriculum, K-12 _b1991 Yearbook _cEdited by Margaret J. Kenny & Christian R. Hirsch |
||
| 260 |
_aVirginia _bNational Council of Teachers of Mathematics _c1991 |
||
| 300 | _aviii, 248p. | ||
| 650 |
_aMathematics _vstudy and teaching |
||
| 650 |
_aComputer science _vstudy and teaching |
||
| 942 |
_2lcc _cBK |
||
| 999 |
_c19160 _d19159 |
||